[Event "?"]
[Site "36th Olympiad w ;The Week in C"]
[Date "2004.??.??"]
[Round "6"]
[White "Anhchimeg, Bayanmonh"]
[Black "Ciuksyte, Dagne"]
[Result "0-1"]
[WhiteElo "2235"]
[BlackElo "2360"]

1. e4 c5 2. Nf3 e6 3. d4 cxd4 4. Nxd4 a6 5. Bd3 Bc5 6. Nb3 Be7 7. Nc3 d6 8.
f4 Nf6 9. O-O Nbd7 10. Qf3 Qc7 11. Be3 b5 12. Rae1 b4 13. Nb1 Bb7 14. N1d2
d5 15. Bd4 dxe4 16. Nxe4 O-O 17. Qg3 Nh5 18. Qh3 g6 19. Ng5 Bf6 20. Be3
Bxb2 21. f5 exf5 22. Bxf5 Ndf6 23. Bd3 Rae8 24. Qh4 Rxe3 25. Rxe3 Qb6 26.
Re1 Nd5 27. Qf2 Nxe3 28. Rxe3 Qf6 29. Qxf6 Bxf6 30. Ne4 Bg7 31. Nec5 Bd5
32. Re7 a5 33. g3 Bf6 34. Rd7 Rd8 35. Ra7 Re8 36. Rxa5 Re1+ 37. Kf2 Rh1 38.
Nd7 Rxh2+ 39. Ke3 Bg5+ 40. Kd4 Bxb3 41. axb3 Bd2 42. g4 Rh4 43. Be2 Nf4 44.
Bf3 h5 45. gxh5 Nxh5+ 46. Kc5 Rf4 47. Bd5 Nf6 48. Nxf6+ Rxf6 49. Ra8+ Kg7
50. Kc4 Rf4+ 51. Kd3 Bc3 52. Ra7 Rd4+ 0-1

[Event "?"]
[Site "Open Benasque ESP"]
[Date "1998.??.??"]
[Round "?"]
[White "Garbisu de Goni, Unai"]
[Black "Sanz Uson, Manuel"]
[Result "1-0"]
[WhiteElo "2390"]
[BlackElo "2200"]

1. e4 c5 2. Nf3 e6 3. d4 cxd4 4. Nxd4 Qb6 5. Nc3 Bc5 6. Na4 Qa5+ 7. Nc3 Qb6
8. Na4 Qa5+ 9. c3 Bxd4 10. Qxd4 Nf6 11. Nc5 Nc6 12. Qe3 O-O 13. Be2 d5 14.
O-O Nxe4 15. Nxe4 dxe4 16. Qxe4 e5 17. b4 Qc7 18. f4 exf4 19. Bxf4 Qe7 20.
Qxe7 Nxe7 21. Bf3 Nc6 22. b5 Nd8 23. Rfe1 Be6 24. Bd6 Re8 25. c4 a6 26. a4
g5 27. g3 g4 28. Bxg4 Kg7 29. Bf3 f5 30. c5 axb5 31. axb5 Rxa1 32. Rxa1 Bd7
33. c6 bxc6 34. Ra7 Kf6 35. Rxd7 1-0

[Event "?"]
[Site "chT2 HUN"]
[Date "1993.??.??"]
[Round "?"]
[White "Paksa, Rudolf"]
[Black "Frank, Jozsef"]
[Result "1-0"]
[WhiteElo "2255"]
[BlackElo "2335"]

1. e4 c5 2. Nf3 e6 3. d4 cxd4 4. Nxd4 a6 5. Bd3 Bc5 6. Nb3 Be7 7. O-O d6 8.
Nc3 Nf6 9. Kh1 Nc6 10. f4 O-O 11. Qe1 Nb4 12. Be3 Nxd3 13. cxd3 Bd7 14. Nd4
Rc8 15. h3 Nh5 16. Nf3 Bc6 17. Rc1 b5 18. Ne2 Bb7 19. Qf2 Qd7 20. Kh2 Rxc1
21. Rxc1 Rc8 22. Rxc8+ Qxc8 23. g4 Nf6 24. Ng3 Nd7 25. Qd2 Qc7 26. Nd4 g6
27. f5 exf5 28. Ndxf5 gxf5 29. Nxf5 Ne5 30. Kg2 Bf6 31. Bf4 Kh8 32. Be3 Ng6
33. Qf2 Be5 34. h4 d5 35. Nh6 Nf4+ 36. Bxf4 Bxf4 37. Qd4+ Qe5 38. Qxe5+
Bxe5 39. Nxf7+ Kg7 40. Nxe5 dxe4 41. dxe4 Bxe4+ 42. Kg3 b4 43. Kf4 Bb1 44.
a3 bxa3 45. bxa3 a5 46. Nc6 a4 47. Ke5 Bc2 48. Nd4 Bd1 49. Kf4 h6 50. Kf5
Kf7 51. g5 hxg5 52. hxg5 Bb3 53. g6+ Kg7 54. Kg5 Ba2 55. Nf5+ Kg8 56. Kf6
Kh8 57. Nh6 Bb3 58. Nf5 Ba2 59. Ke7 Bb1 60. Kf8 Ba2 61. Nh6 1-0

[Event "?"]
[Site "Pardubice Czech Open"]
[Date "1998.??.??"]
[Round "?"]
[White "Kaimer, Thomas"]
[Black "Faibisovich, Vadim Z"]
[Result "1-0"]
[WhiteElo "2185"]
[BlackElo "2400"]

1. e4 c5 2. Nf3 e6 3. d4 cxd4 4. Nxd4 a6 5. Bd3 Bc5 6. Nb3 Be7 7. O-O d6 8.
Nc3 Nf6 9. Be3 Qc7 10. f4 Nc6 11. a3 b5 12. Qe2 Bb7 13. Nd4 O-O 14. Rae1
Rfe8 15. Nxc6 Bxc6 16. f5 exf5 17. Rxf5 g6 18. Rff1 Nd7 19. Bd4 Ne5 20. Qf2
Bf8 21. Nd5 Bxd5 22. exd5 Bg7 23. Bxe5 Rxe5 24. Rxe5 Bxe5 25. c3 Kg7 26. g3
Rc8 27. Kg2 Qb7 28. Be4 Rc4 29. Bf3 a5 30. Re1 f5 31. Qd2 h6 32. Qd3 Qc8
33. Rf1 Qc5 34. g4 fxg4 35. Be4 b4 36. axb4 axb4 37. Bxg6 bxc3 38. Bf7 Kh8
39. Qg6 Bg7 40. Be6 1-0

[Event "?"]
[Site "ARG Ch Superior"]
[Date "2002.??.??"]
[Round "?"]
[White "Triunfetti, Claudio"]
[Black "Garcia, Raimundo"]
[Result "1-0"]
[WhiteElo "2220"]
[BlackElo "2365"]

1. e4 c5 2. Nf3 e6 3. d4 cxd4 4. Nxd4 a6 5. Bd3 Bc5 6. Nb3 Be7 7. Qg4 Nf6
8. Qxg7 Rg8 9. Qh6 Nc6 10. Nc3 b5 11. Bd2 Bb7 12. O-O-O Ne5 13. Qe3 Rc8 14.
Kb1 Nc4 15. Bxc4 Rxc4 16. f3 b4 17. Ne2 d5 18. Qd3 Qc7 19. e5 Nd7 20. f4
Rg6 21. Rhf1 Nc5 22. Nxc5 Bxc5 23. f5 exf5 24. Nf4 Rd4 25. Qxf5 Bc8 26. e6
Bxe6 27. Qh5 Bg4 28. Rde1+ Be7 29. Qxh7 Rxd2 30. Rxe7+ Qxe7 31. Nxg6 Rf2
32. Rc1 Qe4 33. Qh8+ Kd7 34. Ne5+ Kc7 35. Nxg4 Qxg4 36. Qa8 Qxg2 37. Qa7+
Kd8 38. Qxa6 Qxh2 39. Qa8+ Ke7 40. Qxd5 Qf4 41. Qb7+ Kf6 42. Qc6+ Kg5 43.
Rg1+ Kh4 44. Qh1+ Rh2 45. Qa8 Qd4 46. Qg8 1-0

[Event "?"]
[Site "Extraliga CZE 2004-5 ;The Week"]
[Date "2005.??.??"]
[Round "8"]
[White "Malinovsky, Karel"]
[Black "Londyn, R"]
[Result "1-0"]
[WhiteElo "2280"]
[BlackElo "2305"]

1. e4 c5 2. Nf3 e6 3. d4 cxd4 4. Nxd4 a6 5. Bd3 Bc5 6. Nb3 Be7 7. O-O d6 8.
c4 Nf6 9. Nc3 b6 10. Be3 Bb7 11. Rc1 Nbd7 12. f3 O-O 13. Nd4 Re8 14. Bb1
Bf8 15. Qd2 Rc8 16. b3 g6 17. Rfd1 Qc7 18. Kh1 Qb8 19. Nde2 Rcd8 20. Bf4
Ne5 21. Bg5 Be7 22. Qf4 Nh5 23. Qe3 Bxg5 24. Qxg5 Qc7 25. Rd2 f6 26. Qh4
Rf8 27. Rcd1 Ng7 28. Nd4 g5 29. Qh3 Rfe8 30. Nce2 Ng6 31. Qg3 h5 32. Nc2 h4
33. Qf2 Nh5 34. Ne3 Nhf4 35. Nxf4 Nxf4 36. g3 hxg3 37. hxg3 Nh3 38. Qe2 f5
39. Kg2 g4 40. f4 Re7 41. Kf1 Rg7 42. Ng2 b5 43. exf5 Re8 44. f6 Qc5 45.
Rd4 Bf3 46. Qd3 bxc4 47. bxc4 Rb7 48. Qg6+ Kf8 49. Qh6+ Kg8 50. Bh7+ Kh8
51. Be4+ Kg8 52. Bxb7 1-0

[Event "?"]
[Site "TCh-SWE Elitserien"]
[Date "2005.??.??"]
[Round "8"]
[White "Winge, Stefan"]
[Black "Ekelund, P"]
[Result "1/2-1/2"]
[WhiteElo "2285"]
[BlackElo "2300"]

1. e4 c5 2. Nf3 e6 3. d4 cxd4 4. Nxd4 a6 5. Bd3 Bc5 6. Nb3 Be7 7. c4 d6 8.
Nc3 Nf6 9. Bf4 b6 10. Rc1 Bb7 11. O-O O-O 12. Qd2 Qc7 13. Rfd1 Nh5 14. Bg5
Bxg5 15. Qxg5 Nf6 16. Qg3 Rd8 17. Bb1 g6 18. Qd3 Ne8 19. Nd4 Nd7 20. b3
Rac8 21. Qe3 Nef6 1/2-1/2

[Event "?"]
[Site "EM/M/A097 email ;Corr 2002"]
[Date "2000.??.??"]
[Round "?"]
[White "Giobbi, Costantino"]
[Black "Vaindl, Jaroslav"]
[Result "0-1"]
[WhiteElo "2315"]
[BlackElo "2270"]

1. e4 c5 2. Nf3 e6 3. d4 cxd4 4. Nxd4 a6 5. Bd3 Bc5 6. Nb3 Be7 7. O-O Qc7
8. f4 d6 9. Nc3 Nf6 10. Be3 O-O 11. a4 b6 12. a5 b5 13. Bb6 Qb7 14. e5 dxe5
15. fxe5 Nfd7 16. Ne4 Nxb6 17. Qh5 g6 18. Qh6 N8d7 19. Rf3 f5 20. exf6 Bxf6
21. Rh3 Ne5 22. Nxf6+ Rxf6 23. axb6 Ng4 24. Nc5 Qe7 25. Qxh7+ Qxh7 26. Rxh7
Kxh7 27. b7 Bxb7 28. Nxb7 e5 29. Nc5 Kg7 30. Re1 Rd8 0-1

[Event "?"]
[Site "Ch Las Tunas CUB"]
[Date "1996.??.??"]
[Round "?"]
[White "Cruz-Lima, Jose M"]
[Black "Garcia, Osmel"]
[Result "0-1"]
[WhiteElo "2290"]
[BlackElo "2295"]

1. e4 c5 2. Nf3 e6 3. d4 cxd4 4. Nxd4 a6 5. Bd3 Bc5 6. Nb3 Bb6 7. O-O Nc6
8. Qe2 d6 9. Be3 Bc7 10. N1d2 Nf6 11. Kh1 Qe7 12. c4 b6 13. Rac1 Bb7 14. f4
h5 15. Rfe1 Ng4 16. Nf3 Nxe3 17. Qxe3 g6 18. e5 dxe5 19. fxe5 h4 20. c5 h3
21. cxb6 hxg2+ 22. Kg1 Nxe5 23. Nxe5 Qh4 24. Qg3 Qxg3 25. hxg3 Bxb6+ 0-1

[Event "?"]
[Site "Sparkasse Open"]
[Date "1998.??.??"]
[Round "?"]
[White "Wegener, Olaf"]
[Black "Kekelidze, Mikheil"]
[Result "1/2-1/2"]
[WhiteElo "2175"]
[BlackElo "2405"]

1. e4 c5 2. Nf3 e6 3. d4 cxd4 4. Nxd4 a6 5. Bd3 Bc5 6. Nb3 Bb6 7. O-O Nc6
8. Nc3 Nf6 9. Kh1 O-O 10. f4 d5 11. e5 Nd7 12. a3 f5 13. Na4 Ba7 14. Qf3 b5
15. Nc3 Bb7 16. Ne2 Qb6 17. Qg3 d4 18. Bd2 Nc5 19. Nxc5 Qxc5 20. c3 dxc3
21. Bxc3 Rfd8 22. Rac1 Qe7 23. Rfd1 Bb6 24. Be1 Rd7 25. Bf2 Bxf2 26. Qxf2
Rad8 27. Bc2 Rd2 28. Rxd2 Rxd2 29. Qe1 Qd7 30. Rd1 Rxd1 31. Qxd1 Qxd1+ 32.
Bxd1 Kf7 33. Kg1 Na5 34. b3 Bd5 35. Nd4 Ke7 36. Kf2 Kd7 37. g3 Nc6 38. Nxc6
Kxc6 39. b4 Ba2 40. Bf3+ Bd5 41. Bd1 Ba2 42. Bf3+ 1/2-1/2

[Event "?"]
[Site "TCh-ESP Premier North, Barcelo"]
[Date "2005.??.??"]
[Round "2"]
[White "Garcia Melgar, Juan Pablo"]
[Black "Lasanta Rica, C"]
[Result "0-1"]
[WhiteElo "2275"]
[BlackElo "2305"]

1. e4 c5 2. Nf3 e6 3. d4 cxd4 4. Nxd4 a6 5. Bd3 Bc5 6. Nb3 Be7 7. Qg4 g6 8.
O-O d6 9. Nc3 Nd7 10. f4 Ngf6 11. Qe2 Qc7 12. Bd2 O-O 13. Rae1 b5 14. e5
Nh5 15. Nd1 Bb7 16. Na5 Nc5 17. Nxb7 Qxb7 18. Nf2 Nxd3 19. cxd3 dxe5 20.
fxe5 Qd5 21. Ng4 Rad8 22. Nh6+ Kg7 23. Rf3 f5 24. exf6+ Bxf6 25. Ng4 Bd4+
26. Kh1 Rxf3 27. gxf3 e5 28. Nxe5 Bxe5 29. Qxe5+ Qxe5 30. Rxe5 Rxd3 31. Bc3
Kf7 32. Kg2 Nf4+ 33. Kg3 Ne6 34. Re4 Rd5 35. Rh4 h5 36. Re4 Ng7 37. Re5
Nf5+ 38. Kf4 Rd1 39. Re1 Rd7 40. Re2 0-1

[Event "?"]
[Site "TCh-ROM Divizia A Masculin, Predeal ROM"]
[Date "2006.??.??"]
[Round "7"]
[White "Chirila, I"]
[Black "Doncea, Vladimir"]
[Result "1/2-1/2"]
[WhiteElo "2305"]
[BlackElo "2275"]

1. e4 c5 2. Nf3 e6 3. d4 cxd4 4. Nxd4 Qb6 5. Nc3 Bc5 6. Na4 Qa5+ 7. c3 Bxd4
8. Qxd4 Nf6 9. Nc5 Nc6 10. Qe3 O-O 11. Nb3 Qa4 12. f3 b6 13. Nd4 Ba6 14.
Nxc6 dxc6 15. Qd4 Qa5 16. Qb4 Qxb4 17. cxb4 Bxf1 18. Rxf1 a5 19. bxa5 Rxa5
20. Bd2 Ra7 21. Ke2 Nd7 22. Rfc1 c5 23. b4 f5 24. bxc5 1/2-1/2

[Event "?"]
[Site "23rd Liechtenstein Open ;The W"]
[Date "2005.??.??"]
[Round "2"]
[White "Senff, Martin"]
[Black "Mertens, Klaus"]
[Result "1-0"]
[WhiteElo "2430"]
[BlackElo "2150"]

1. e4 c5 2. Nf3 e6 3. d4 cxd4 4. Nxd4 a6 5. Bd3 Bc5 6. Nb3 Be7 7. Qg4 Kf8
8. Qe2 d6 9. Nc3 Nd7 10. Bd2 Ngf6 11. O-O h5 12. f4 Ng4 13. a4 Qb6+ 14. Kh1
Qa7 15. a5 b5 16. axb6 Qxb6 17. Na4 Qa7 18. Na5 Nb8 19. Nc4 Nd7 20. Bb4 Qc7
21. Ba5 Qc6 22. Ncb6 Nxb6 23. Nxb6 Rb8 24. Nxc8 Rxc8 25. Bc3 Bf6 26. Rxa6
Qc5 27. Ra5 Qc7 28. e5 dxe5 29. fxe5 Bg5 30. Bb4+ Be7 31. Bxe7+ Kxe7 32.
Qd2 Nxe5 33. Qb4+ Ke8 34. Rxe5 Qxe5 35. Bb5+ Kd8 36. Rd1+ Kc7 37. Qa5+ Kb8
38. Qb6+ Ka8 39. Ra1# 1-0

[Event "?"]
[Site "WchT U26 Graz"]
[Date "1972.??.??"]
[Round "?"]
[White "Ivanovic, Bozidar"]
[Black "Viglundsson, Bjorgvin"]
[Result "1-0"]
[WhiteElo "2380"]
[BlackElo "2200"]

1. e4 c5 2. Nf3 e6 3. d4 cxd4 4. Nxd4 a6 5. Bd3 Bc5 6. Nb3 Bb6 7. O-O Nc6
8. c4 Nf6 9. Nc3 d6 10. Qe2 O-O 11. Be3 Bxe3 12. Qxe3 e5 13. Rad1 Be6 14.
Rd2 Rc8 15. Be2 Na5 16. Nxa5 Qxa5 17. Rxd6 Bxc4 18. Bxc4 Rxc4 19. Rfd1 Rfc8
20. h3 R4c6 21. Rxc6 Rxc6 22. Qa7 h6 23. Qxb7 Rc7 24. Qb8+ Kh7 25. b4 1-0

[Event "?"]
[Site "Wch U18 Oropesa del Mar ESP"]
[Date "1998.??.??"]
[Round "?"]
[White "Toth, Andras"]
[Black "Vidovic, Sasa"]
[Result "1-0"]
[WhiteElo "2330"]
[BlackElo "2245"]

1. e4 c5 2. Nf3 e6 3. d4 cxd4 4. Nxd4 a6 5. Bd3 Bc5 6. Nb3 Be7 7. a4 b6 8.
O-O d6 9. Nc3 Nd7 10. Qg4 g6 11. f4 Ngf6 12. Qe2 Qc7 13. Bd2 Bb7 14. Rae1
Nc5 15. Nxc5 dxc5 16. Bc4 Rd8 17. Rf2 h5 18. h3 Nd7 19. Nd5 exd5 20. exd5
Nf6 21. f5 g5 22. Bxg5 Kf8 23. Qxe7+ Qxe7 24. Rxe7 Kxe7 25. Re2+ Kd6 26.
Bxf6 Rhg8 27. Bxd8 Rxd8 28. f6 Rg8 29. Re7 Bxd5 30. Bxd5 Kxd5 31. Rxf7 Rg6
32. Rd7+ Kc4 33. f7 Rf6 34. g4 hxg4 35. hxg4 1-0

[Event "?"]
[Site "Espagne eme championnat open)"]
[Date "2003.??.??"]
[Round "?"]
[White "Agueera Naredo, Javier"]
[Black "Garre Murcia, Pedro"]
[Result "1-0"]
[WhiteElo "2375"]
[BlackElo "2200"]

1. e4 c5 2. Nf3 e6 3. d4 cxd4 4. Nxd4 Qb6 5. Nc3 Bc5 6. Be3 Nc6 7. Na4 Qa5+
8. c3 Bxd4 9. Bxd4 Nxd4 10. Qxd4 e5 11. Qb4 Qxb4 12. cxb4 Nf6 13. Nc3 d6
14. Bc4 Bd7 15. Ke2 Rc8 16. Bb3 Ke7 17. Rhd1 Rhd8 18. Rd2 Bc6 19. f3 b6 20.
b5 Bd7 21. a4 Be6 22. Ra3 Nd7 23. Bd5 Rc7 24. g3 Nc5 25. Ke3 g6 26. b4 Nd7
27. a5 Rdc8 28. Bc6 Nb8 29. Nd5+ Bxd5 30. exd5 f5 31. f4 e4 32. Kd4 Kf6 33.
axb6 axb6 34. Rda2 Ke7 35. g4 Rf8 36. gxf5 gxf5 37. Rg2 Kf6 38. Rh3 Rg7 39.
Rxg7 Kxg7 40. Ra3 Rf7 41. Ra8 Nd7 42. Rd8 Nf6 43. Rxd6 Re7 44. Re6 Rxe6 45.
dxe6 Kf8 46. Ke5 Ke7 47. Kxf5 e3 48. Bf3 Nd5 49. Ke5 Nf6 50. f5 h6 51. Kd4
Kd6 52. Kxe3 Ke5 53. Bc6 Ng8 54. Be4 Nf6 55. Bd3 Nd5+ 56. Kf3 Nf6 57. Bc4
Ng8 58. Kg4 Nf6+ 59. Kh4 Kd6 60. Be2 Ke5 61. Bh5 Kd6 62. Bf7 Ke7 63. Kg3
Kd6 64. Kf4 Nd5+ 65. Ke4 Nf6+ 66. Kd4 Nd5 67. e7 Nxe7 68. Be6 1-0

[Event "?"]
[Site "Open Zalakaros"]
[Date "1994.??.??"]
[Round "?"]
[White "Licina, Anita"]
[Black "Mochalov, Evgeny V"]
[Result "0-1"]
[WhiteElo "2125"]
[BlackElo "2450"]

1. e4 c5 2. Nf3 e6 3. d4 cxd4 4. Nxd4 Qb6 5. Nc3 Bc5 6. Na4 Qa5+ 7. Nc3 Bb4
8. Bd2 Nc6 9. Nxc6 bxc6 10. a3 Bf8 11. Bc4 Qc7 12. O-O Nf6 13. Qe2 e5 14.
f4 Bd6 15. Kh1 O-O 16. f5 Be7 17. g4 d5 18. g5 dxc4 19. gxf6 Bxf6 20. Qxc4
Qb6 21. Na4 Qb5 22. Qxb5 cxb5 23. Nc5 Be7 24. Be3 Bxc5 25. Bxc5 Rd8 26. Kg2
Bb7 27. Kf3 Rac8 28. b4 Rd2 29. Rf2 Rxf2+ 30. Bxf2 Rc3+ 31. Be3 Rc4 32.
Bxa7 Bxe4+ 0-1

[Event "?"]
[Site "Glassy Stream Open, Kharkov UK"]
[Date "2004.??.??"]
[Round "3"]
[White "Ivanov, Andrey A"]
[Black "Kolomensky, Vladimir"]
[Result "1-0"]
[WhiteElo "2330"]
[BlackElo "2245"]

1. e4 c5 2. Nf3 e6 3. d4 cxd4 4. Nxd4 a6 5. Bd3 Bc5 6. Nb3 Be7 7. Qg4 g6 8.
Qe2 d6 9. O-O Nd7 10. c4 Qc7 11. f4 Ngf6 12. Nc3 b6 13. Bd2 Bb7 14. Rae1
Nc5 15. Nxc5 dxc5 16. f5 O-O-O 17. Bf4 Qc6 18. fxe6 fxe6 19. Bc2 Nh5 20.
Be5 Bd6 21. Bxh8 Rxh8 22. Ba4 Qc7 23. e5 Bf8 24. Rd1 Bg7 25. Rd7 Qxe5 26.
Rff7 1-0

[Event "?"]
[Site "37th Olympiad w, Turin ITA"]
[Date "2006.??.??"]
[Round "13"]
[White "Hou Yifan"]
[Black "Sharevich, Anna"]
[Result "1-0"]
[WhiteElo "2295"]
[BlackElo "2280"]

1. e4 c5 2. Nf3 e6 3. d4 cxd4 4. Nxd4 a6 5. Bd3 Bc5 6. Nb3 Be7 7. c4 d6 8.
Nc3 Nf6 9. O-O Qc7 10. f4 b6 11. Bd2 Bb7 12. Qf3 Nbd7 13. Rae1 O-O 14. Qh3
g6 15. f5 exf5 16. exf5 Ne5 17. Bg5 Qd8 18. Be2 Ra7 19. Qh4 Bc8 20. Nd4 Rc7
21. Nf3 h6 22. Qxh6 Nfg4 23. Bxe7 Rxe7 24. Qf4 Bxf5 25. Nd4 Ree8 26. h3 Ne3
27. Qxe3 Nd3 28. Qg3 Nxe1 29. Nxf5 Nc2 30. Bd3 Nb4 31. Nh6+ Kh8 32. Nxf7+
Rxf7 33. Rxf7 g5 34. Qf3 Kg8 35. Qf5 1-0

[Event "?"]
[Site "Open Vladimir RUS ;The Week in"]
[Date "2004.??.??"]
[Round "6"]
[White "Kotov, Viktor"]
[Black "Kolomensky, Vladimir"]
[Result "1/2-1/2"]
[WhiteElo "2330"]
[BlackElo "2245"]

1. e4 c5 2. Nf3 e6 3. d4 cxd4 4. Nxd4 a6 5. Bd3 Bc5 6. Nb3 Be7 7. Nc3 d6 8.
Be3 Nd7 9. f4 Qc7 10. O-O Ngf6 11. a4 b6 12. Qf3 Bb7 13. Qg3 O-O 14. Rae1
Rfe8 15. Kh1 Bf8 16. Bd2 g6 17. Nd4 Bg7 18. Nf3 Nc5 19. Qh3 Nfd7 20. f5
Nxd3 21. cxd3 exf5 22. exf5 Rxe1 23. Bxe1 Re8 24. Bd2 Nf6 25. fxg6 fxg6 26.
Qh4 Qc8 27. Qf4 Qc6 28. Rc1 Nd5 29. Qh4 Nxc3 30. Bxc3 Rf8 31. Qh3 Bxc3 32.
bxc3 Qc5 33. Qe6+ Kh8 34. Qe7 Rxf3 35. Qxb7 Rxd3 36. Rf1 Qf2 37. Rg1 a5 38.
h3 Rxc3 39. Qd7 Rc2 40. Qxd6 Kg7 41. Qc6 h5 42. Qc3+ Kh7 43. Qc7+ Kh6 44.
Qc3 h4 45. Qh8+ Kg5 46. Qd8+ Qf6 47. Qd3 Qf2 48. Qd8+ Qf6 49. Qd3 1/2-1/2

[Event "?"]
[Site "Baden OL"]
[Date "1997.??.??"]
[Round "?"]
[White "Hanisch, Joerg"]
[Black "Kekelidze, Mikheil"]
[Result "1/2-1/2"]
[WhiteElo "2170"]
[BlackElo "2405"]

1. e4 c5 2. Nf3 e6 3. d4 cxd4 4. Nxd4 a6 5. Bd3 Bc5 6. Nb3 Bb6 7. Qe2 Nc6
8. Be3 Nge7 9. Nc3 O-O 10. O-O-O a5 11. a4 Bxe3+ 12. Qxe3 d5 13. exd5 exd5
14. Nb5 Nb4 15. N3d4 Nec6 16. c3 Re8 17. Qf4 Nxd4 18. Qxd4 Nxd3+ 19. Rxd3
Bf5 20. Re3 Rxe3 21. Qxe3 Qh4 22. Nd4 Bd7 23. b3 Re8 24. Qd2 h6 25. Nf3 Qg4
26. Rg1 b5 27. axb5 Bxb5 28. Nd4 Bd7 29. Kb2 Qg6 30. g3 a4 31. b4 a3+ 32.
Ka2 Qa6 33. Re1 Ra8 34. Rc1 Bb5 35. Re1 Bd3 36. Rc1 Qc4+ 37. Ka1 Bg6 38. h4
Kf8 39. Qe3 Re8 40. Qd2 Rc8 41. Qe3 Qd3 42. Qxd3 Bxd3 43. Ka2 Bc4+ 44. Nb3
Ra8 45. Rb1 Ra6 46. Ka1 a2 47. Rb2 Ra3 48. Nd2 Bb5 49. Rxa2 Rxc3 50. Kb2 d4
51. Ra5 Bd7 52. Rd5 Rd3 53. Kc2 Rc3+ 54. Kb2 Rd3 55. Kc2 Rc3+ 1/2-1/2

[Event "?"]
[Site "Tch-FIN 2004-5 ;The Week in Ch"]
[Date "2004.??.??"]
[Round "5"]
[White "Raaste, Eero J"]
[Black "Kanko, Ilkka"]
[Result "1-0"]
[WhiteElo "2305"]
[BlackElo "2265"]

1. e4 c5 2. Nf3 e6 3. d4 cxd4 4. Nxd4 a6 5. Bd3 Bc5 6. Nb3 Be7 7. O-O d6 8.
Be3 Nf6 9. f4 Nbd7 10. N1d2 b6 11. g4 h5 12. g5 Ng4 13. Bd4 e5 14. h3 exd4
15. hxg4 hxg4 16. Qxg4 Ne5 17. Qg3 Rh3 18. Qg2 Nxd3 19. cxd3 Rh4 20. Rf3
Rg4 21. Rg3 Rxf4 22. Nf3 d5 23. e5 Be6 24. g6 Qd7 25. gxf7+ Rxf7 26. Nfxd4
Bh4 27. Rg6 Bf2+ 28. Qxf2 Rxf2 29. Rxe6+ Kf8 30. Kxf2 Kg8 31. Rg1 Rf8+ 32.
Ke1 Qd8 33. Rg4 Rf7 34. Reg6 Qf8 35. Nd2 Re7 36. N2f3 Rc7 37. a3 Qc8 38.
Ne6 Re7 39. Rxg7+ Rxg7 40. Rxg7+ Kh8 41. Nfg5 Qc1+ 42. Ke2 Qc2+ 43. Ke3
Qc1+ 44. Kd4 Qxb2+ 45. Kxd5 Qa2+ 46. Kc6 Qc2+ 47. Kb7 1-0

[Event "?"]
[Site "4NCL"]
[Date "1997.??.??"]
[Round "?"]
[White "Pritchett, Craig W"]
[Black "Littlewood, John E"]
[Result "1-0"]
[WhiteElo "2305"]
[BlackElo "2265"]

1. e4 c5 2. Nf3 e6 3. d4 cxd4 4. Nxd4 a6 5. Bd3 Bc5 6. Nb3 Be7 7. O-O d6 8.
Qg4 Bf6 9. Qe2 Nc6 10. f4 Nge7 11. N1d2 O-O 12. Nf3 Ng6 13. Kh1 Qc7 14. c3
Bd7 15. Be3 e5 16. f5 Nf4 17. Qd2 b6 18. Bc2 Qd8 19. Nbd4 Rc8 20. h4 Qe8
21. Bb1 Na5 22. Qd1 Rc5 23. Qc1 Rd5 24. Rf2 Rb5 25. Ng1 Qa8 26. Nc2 d5 27.
Rf1 1-0

[Event "?"]
[Site "ch-AUT, Hartberg AUT"]
[Date "2004.??.??"]
[Round "6"]
[White "Wittmann, Walter"]
[Black "Brod, Manfred"]
[Result "1/2-1/2"]
[WhiteElo "2335"]
[BlackElo "2230"]

1. e4 c5 2. Nf3 e6 3. d4 cxd4 4. Nxd4 Bc5 5. Nc3 Qb6 6. Na4 Qa5+ 7. Nc3 Qb6
8. Na4 Qa5+ 9. c3 Bxd4 10. Qxd4 Nf6 11. Nc5 Nc6 12. Qe3 d5 13. Nb3 Qc7 14.
exd5 Nxd5 15. Qg3 Qxg3 16. hxg3 e5 17. Bd3 b6 18. Bd2 Nde7 19. O-O-O Bf5
20. Bxf5 Nxf5 21. g4 Nfe7 22. Rh3 Ng6 23. Rdh1 Nf8 24. Be3 f6 25. Nd2 Nd8
26. Ne4 Nde6 27. g5 Ke7 28. gxf6+ gxf6 29. Ng3 Ng7 30. Bh6 Kf7 31. Bxg7
Kxg7 32. Nh5+ Kg6 33. Rg3+ Kf7 34. Rf3 Rg8 35. Rxf6+ Ke7 36. Rh2 Rd8 37.
Rf3 Rg6 38. Ng3 Rf6 39. Nf5+ Ke6 40. Rh6 Rg6 41. g3 Rd7 42. Rxg6+ Nxg6 43.
Nh6 Rg7 44. Re3 Nf8 45. f4 Nd7 46. g4 Kf6 47. g5+ Kg6 1/2-1/2

[Event "?"]
[Site "Open, Balatonlelle HUN"]
[Date "2004.??.??"]
[Round "7"]
[White "Vajda, Szidonia"]
[Black "Schneider, Veronika"]
[Result "1-0"]
[WhiteElo "2355"]
[BlackElo "2210"]

1. e4 c5 2. Nf3 e6 3. d4 cxd4 4. Nxd4 a6 5. Bd3 Bc5 6. Nb3 Be7 7. Qg4 g6 8.
Qe2 d6 9. O-O Nd7 10. a4 b6 11. a5 b5 12. c4 bxc4 13. Bxc4 Bb7 14. Bf4 Ngf6
15. Nc3 Nh5 16. Be3 Ne5 17. Nd2 Nxc4 18. Nxc4 O-O 19. Rfd1 Qc7 20. Rac1
Rab8 21. Nb6 Qd8 22. e5 d5 23. Ne4 f6 24. exf6 Bxf6 25. Nxf6+ Rxf6 26. Bg5
Nf4 27. Bxf4 Rxf4 28. Qxe6+ Rf7 29. Nxd5 Bxd5 30. Rxd5 Qe7 31. Qxa6 Rxb2
32. Qc8+ Rf8 33. Qc4 Qf7 34. f4 Qxf4 35. Qxf4 Rxf4 36. Ra1 Rff2 37. Rg5 Kg7
38. Rc1 Rfc2 39. Rxc2 Rxc2 40. Kf1 Ra2 41. Rb5 Kf7 42. h3 Kg7 43. Kg1 Kf7
44. Kh2 Ra3 45. h4 Kg7 46. g3 Ra2+ 47. Kg1 Kf7 48. Kf1 Kg7 49. Ke1 Rg2 50.
a6 Ra2 51. Rb6 Kf7 52. Kd1 Ra3 53. Kc2 Rxg3 54. Kb2 Rg2+ 55. Kb3 Rg1 56.
Rb4 Rd1 57. Kc4 Rd8 58. a7 Ra8 59. Rb7+ Ke6 60. Rxh7 Kf6 61. Kb5 Re8 62.
Kb6 1-0

[Event "?"]
[Site "Team Ch W St Petersburg RUS"]
[Date "2002.??.??"]
[Round "?"]
[White "Kochetkova, Julia"]
[Black "Dorofeeva, Anna"]
[Result "1-0"]
[WhiteElo "2245"]
[BlackElo "2320"]

1. e4 c5 2. Nf3 e6 3. d4 cxd4 4. Nxd4 a6 5. Bd3 Bc5 6. Nb3 Be7 7. O-O d6 8.
Nc3 Nf6 9. f4 Nc6 10. Qf3 Qc7 11. Bd2 O-O 12. Rae1 e5 13. f5 b5 14. g4 b4
15. Nd5 Nxd5 16. exd5 Nb8 17. f6 gxf6 18. Qe4 f5 19. Rxf5 f6 20. Rg5+ Kf7
21. Qxh7+ Ke8 22. Rg8 Nd7 23. Bg6+ Kd8 24. Bh6 Qb6+ 25. Be3 Qb5 26. Rg7 Nb6
27. Rxe7 Nxd5 28. Qg7 Rh8 29. Ra7 Rxa7 30. Qxh8+ Kc7 31. Bxa7 Bxg4 32. Qg7+
Kc8 33. Bd3 1-0

[Event "?"]
[Site "Suduroy, Tvoroyri FAI"]
[Date "2005.??.??"]
[Round "3"]
[White "Simonsen, Olavur"]
[Black "Glud, J"]
[Result "0-1"]
[WhiteElo "2250"]
[BlackElo "2315"]

1. e4 c5 2. Nf3 e6 3. d4 cxd4 4. Nxd4 a6 5. Bd3 Bc5 6. Nb3 Be7 7. O-O d6 8.
a4 b6 9. Nc3 Nd7 10. Qe2 Bb7 11. f4 Qc7 12. Bd2 Ngf6 13. Rae1 O-O 14. e5
Nd5 15. Nxd5 Bxd5 16. c4 Bb7 17. Bb4 Nc5 18. Nxc5 bxc5 19. Bc3 d5 20. f5
exf5 21. Rxf5 d4 22. e6 Bd6 23. e7 dxc3 24. exf8=Q+ Rxf8 25. bxc3 Bxh2+ 26.
Kh1 g6 27. Rff1 Qg3 28. Qf2 Qxf2 29. Rxf2 Bg3 30. Re7 Bxf2 31. Rxb7 Bg3 32.
Rb2 Rd8 33. Be2 Kg7 34. Kg1 Rd6 35. Kf1 Rf6+ 36. Bf3 Be5 37. Ke2 Bxc3 38.
Rb7 h5 39. Rc7 Bd4 40. Rc6 Rxc6 41. Bxc6 a5 42. Kf3 f5 43. Bd7 Kf6 44. Be8
h4 45. Bc6 Ke5 46. g4 hxg3 47. Kxg3 g5 48. Kf3 g4+ 49. Kg3 Bc3 50. Bd7 Be1+
51. Kg2 Kf4 52. Be6 Kg5 53. Bd7 f4 54. Be6 f3+ 0-1

[Event "?"]
[Site "Open Dutch Championship, Diere"]
[Date "2005.??.??"]
[Round "1"]
[White "Hoeksema, Hendrik Pieter"]
[Black "Hendriks, Richard"]
[Result "1-0"]
[WhiteElo "2405"]
[BlackElo "2155"]

1. Nf3 c5 2. e4 e6 3. d4 cxd4 4. Nxd4 Bc5 5. Nc3 Qb6 6. Na4 Qa5+ 7. c3 Bxd4
8. Qxd4 Nf6 9. Nc5 Qc7 10. Nd3 Nc6 11. Qe3 O-O 12. Be2 e5 13. O-O d6 14.
Bf3 h6 15. b3 Be6 16. Bb2 b5 17. Nb4 a5 18. Nd5 Bxd5 19. exd5 Ne7 20. Qd3
Qb7 21. Rab1 Nd7 22. Be2 b4 23. c4 Nc5 24. Qe3 Ng6 25. g3 f5 26. Bh5 f4 27.
Qe2 Nh8 28. Bc1 g5 29. gxf4 gxf4 30. Kh1 Qd7 31. Rg1+ Kh7 32. Bg4 Qe7 33.
Qc2+ e4 34. Bb2 Nd3 35. Be6 Ng6 36. Bd4 f3 37. Rg3 Nge5 38. c5 Rf4 39. c6
Qc7 40. Rbg1 Kh8 41. Rg7 1-0

[Event "?"]
[Site "Ch Israel"]
[Date "1992.??.??"]
[Round "?"]
[White "Stisis, Yaacov"]
[Black "Stepak, Yedael"]
[Result "1-0"]
[WhiteElo "2275"]
[BlackElo "2285"]

1. e4 c5 2. Nf3 e6 3. d4 cxd4 4. Nxd4 a6 5. Bd3 Bc5 6. Nb3 Bb6 7. Qe2 Nc6
8. Be3 Nge7 9. Nc3 O-O 10. O-O d6 11. a4 Bxe3 12. Qxe3 e5 13. Bc4 Qc7 14.
Bd5 Nb4 15. Rac1 Nbxd5 16. Nxd5 Nxd5 17. exd5 Bd7 18. a5 Ba4 19. Nd2 f5 20.
b3 Bd7 21. Qb6 Qxb6 22. axb6 a5 23. Ra1 Bb5 24. c4 Bd7 25. Ra3 Ra6 26. Rfa1
a4 27. b4 Rc8 28. b5 Bxb5 29. cxb5 Rxb6 30. Rxa4 Rxb5 31. Ra8 Rxa8 32.
Rxa8+ Kf7 33. Rb8 Rb2 34. Nf1 Rb1 35. f3 f4 36. Kf2 Rb5 37. Nd2 Rxd5 38.
Rxb7+ Kf8 39. Ne4 Rd4 40. Ng5 Rd2+ 41. Kf1 d5 42. Nxh7+ Ke8 43. Rxg7 e4 44.
fxe4 dxe4 45. Nf6+ Kf8 46. Nxe4 Rd1+ 47. Ke2 Rd4 48. Ng5 Ra4 49. Rb7 1-0